| 000 | 00600nam a2200229 i 4500 | ||
|---|---|---|---|
| 001 | 16072 | ||
| 003 | ES-MaACL | ||
| 005 | 20230906151234.0 | ||
| 007 | t| | ||
| 008 | 000621s1999 sp ||||1| spa d | ||
| 020 | _a84-406-9464-4 | ||
| 080 | _a821.111(73)-32"19" | ||
| 100 | 1 |
_aEllroy, James. _947059 |
|
| 245 | 1 | 0 |
_aOla de crímenes / _cJames Ellroy. |
| 250 | _a1ª ed. | ||
| 260 |
_aBarcelona : _bEdiciones B, _c1999. |
||
| 300 |
_a358 p. ; _c24 cm. |
||
| 490 | 1 | _aOrient express | |
| 830 | 0 |
_aOrient express _9228623 |
|
| 852 |
_aES-MaACL _jL-23281 _bR.128428 |
||
| 999 |
_c16072 _d16072 |
||